VPLYV TECHNOLÓGIE POVRCHOVEJ ÚPRAVY NA KVALITU OCEĽOVÝCH VÝROBKOV

Bibliographic Details
Main Author: Mráz, Ľuboš (Author)
Format: Article
Language:Slovak
ISBN:9788022737197
Subjects:

MARC

LEADER 00000naa a2200000 a 4500
001 vtls011849126
003 SK-MaSNL
005 20260302133926.0
008 210910|2012 xo |||||||||||||||||slo|
015 |a SNBCL 
035 |a (urnnbn)urn:nbn:sk:snk:ar-a0aqjd 
035 |a urn:nbn:sk:snk-aaw4kv 
035 |a (uuid)ba0f1d19-65c0-4e52-9467-fc6f520b9cb6 
040 |a SNKBUCL  |b slo  |c SNKBUCL  |e AACR2 
041 |a slo 
044 |a xo  |c SK 
100 1 |a Mráz, Ľuboš  |4 aut  |9 362529 
245 1 0 |a VPLYV TECHNOLÓGIE POVRCHOVEJ ÚPRAVY NA KVALITU OCEĽOVÝCH VÝROBKOV  |c Ľuboš Mráz 
246 3 |a EFFECT OF COATING TECHNOLOGY ON QUALITY OF STEEL PRODUCTS 
336 |a text  |b txt  |c rdacontent 
337 |a bez média  |b n  |c rdamedia 
338 |a zväzok  |b nc  |c rdacarrier 
655 7 |a články zo zborníkov  |2 snkbucl  |9 166140 
773 0 |t 54. medzinárodná galvanická konferencia  |d V Bratislave : Fakulta chemickej a potravinárskej technológie, 2012  |g S. 17-24  |z 9788022737197 
958 |a OND 
958 |a article26 
958 |a chapter 
999 |c 1319213  |d 1321143